| 000 | 01094nam a2200229Ia 4500 | ||
|---|---|---|---|
| 001 | 10467 | ||
| 003 | GE_BSU | ||
| 008 | 181216s||||||||xx |||||||||||||| ||und|| | ||
| 020 | _a9789992895269 | ||
| 040 | _cGE_BSU | ||
| 080 | _a821.353.1–3+821.353.1–32 | ||
| 245 | _aქართული პროზა წ.20. არსენ მამულაშვილი | ||
| 245 | _bარსენ მამულაიშვილი (ლალიონი), იაკობ ცინცაძე (ია ეკალაძე), იოსებ იმედაშვილი, კონდრატე თათარაშვილი (უიარაღო), სიმონ ქვარიანი | ||
| 245 | _cგვერდწითელი, გ. (შემდგ.); აბაშიძე, გრ. (რედ.); | ||
| 260 | _aთბილისი | ||
| 260 | _bსაქართველო | ||
| 260 | _c1991 | ||
| 300 | _a511გვ.20სმ | ||
| 653 | _aარსენ მამულაშვილი | ||
| 653 | _aქართული პროზა | ||
| 942 | _cBK | ||
| 999 |
_c43726 _d43726 |
||